The Art of Knitting Inspirational Stitches, Textures and Surfaces (Record no. 24718)

MARC details
000 -LEADER
fixed length control field 00333nam a22001337a 4500
003 - CONTROL NUMBER IDENTIFIER
control field SGT
020 ## - INTERNATIONAL STANDARD BOOK NUMBER
International Standard Book Number 978-0-500-28557-2
082 ## - DEWEY DECIMAL CLASSIFICATION NUMBER
Classification number 746.432
Item number BLA
100 ## - MAIN ENTRY--PERSONAL NAME
Personal name BALCK, SANDY
245 ## - TITLE STATEMENT
Title The Art of Knitting Inspirational Stitches, Textures and Surfaces
260 ## - PUBLICATION, DISTRIBUTION, ETC. (IMPRINT)
Place of publication, distribution, etc USA
Name of publisher, distributor, etc THAMES & HUDSON
Year of Publication 2015
300 ## - PAGE DESCRIPTION
No. of Pages 318
942 ## - ADDED ENTRY ELEMENTS (KOHA)
Source of classification or shelving scheme Dewey Decimal Classification
Koha item type Books
Holdings
Withdrawn status Lost status Source of classification or shelving scheme Damaged status Not for loan Home library Current library Shelving location Date acquired Vendor Name Cost, normal purchase price SGTU Bill Number Total Checkouts Full call number Accession No. (Barcode) Date last seen Bill Date Koha item type
    Dewey Decimal Classification     SGT Science & Social Sciences Library SGT Science & Social Sciences Library Text Book 03/08/2023 PANKAJ PUB. 3847.72 SGTU 4726   746.432 BLA FF784 03/08/2023   Books